000 00636nam a22001697a 4500
999 _c15013
_d15013
003 AR-CdUCM
008 190425b ||||| |||| 00| 0 spa d
040 _aMUNICIPALIDAD PROVINCIAL DEL CUSCO
_cBIBLIOTECA MUNICIPAL DEL CUSCO
082 _aC / 340.4 /
_bSS
245 _aAspectos de la vida i obra periodística de Sebastian Salazar Bondy /
260 _aCusco :
_c1972.
300 _a92 hojas ;
_c28 cm.
500 _aSin PORTADA ni Tapa.
505 _aReseña biográfica de Sebastian Salazar Bondy -- Artículos sobre política -- Aspectos de la ciudad -- Defensa del patrimonio cultural...
942 _2ddc
_cTESIS
945 _awfj